<?xml version="1.0" encoding="UTF-8"?>
<record
    xmlns:xsi="http://www.w3.org/2001/XMLSchema-instance"
    xsi:schemaLocation="http://www.loc.gov/MARC21/slim http://www.loc.gov/standards/marcxml/schema/MARC21slim.xsd"
    xmlns="http://www.loc.gov/MARC21/slim">

  <leader>01348nab a2200229 i 4500</leader>
  <controlfield tag="001">BPP</controlfield>
  <controlfield tag="003">BPK</controlfield>
  <controlfield tag="005">20180409105802.0</controlfield>
  <controlfield tag="008">140417s1989    pl     f     |000 0 eng</controlfield>
  <datafield tag="040" ind1=" " ind2=" ">
    <subfield code="c">BPK</subfield>
  </datafield>
  <datafield tag="041" ind1=" " ind2=" ">
    <subfield code="a">eng</subfield>
  </datafield>
  <datafield tag="044" ind1=" " ind2=" ">
    <subfield code="a">POL</subfield>
  </datafield>
  <datafield tag="080" ind1=" " ind2=" ">
    <subfield code="a">532:621.51/.54</subfield>
  </datafield>
  <datafield tag="100" ind1=" " ind2=" ">
    <subfield code="a">MAJKA, Krzysztof.</subfield>
    <subfield code="d">1973 - 1996.</subfield>
    <subfield code="b">Wy&#x17C;sza Szko&#x142;a In&#x17C;ynierska w Koszalinie - Wydzia&#x142; Mechaniczny,</subfield>
    <subfield code="c">Zak&#x142;ad Termodynamiki i Ch&#x142;odnictwa</subfield>
  </datafield>
  <datafield tag="245" ind1=" " ind2=" ">
    <subfield code="a">Tip clearance effects on end-wall compressor cascade flows = Efekty wynikaj&#x105;ce z obecno&#x15B;ci szczelin wierzcho&#x142;kowych w przep&#x142;ywach przez palisady spr&#x119;&#x17C;arkowe /</subfield>
    <subfield code="c">Krzysztof Majka.</subfield>
  </datafield>
  <datafield tag="260" ind1=" " ind2=" ">
    <subfield code="c">1989.</subfield>
  </datafield>
  <datafield tag="500" ind1=" " ind2=" ">
    <subfield code="a">Dane z autopsji.</subfield>
  </datafield>
  <datafield tag="520" ind1=" " ind2=" ">
    <subfield code="a">W pracy zaprezentowano i przedyskutowano wyniki bada&#x144; kt&#xF3;rych zamierzeniem by&#x142;o uzyskanie obraz&#xF3;w przep&#x142;yw&#xF3;w przez palisady &#x142;opatek spr&#x119;&#x17C;arkowych z uwzgl&#x119;dnieniem efekt&#xF3;w wynikaj&#x105;cych z obecno&#x15B;ci szczelin wierzcho&#x142;kowych o gwarantowanej wielko&#x15B;ci. Praca zawiera mi&#x119;dzy innymi wyniki wizualizacji przeprowadzonej na tkz. stole wodnym obrazuj&#x105;cej szczeg&#xF3;&#x142;y przep&#x142;yw&#xF3;w w warstwie przy&#x15B;ciennej przy &#x15B;ciankach ograniczaj&#x105;cych wysoko&#x15B;&#x107; kana&#x142;&#xF3;w &#x142;opatkowych.</subfield>
  </datafield>
  <datafield tag="650" ind1=" " ind2="0">
    <subfield code="a">Ch&#x142;odnictwo - urz&#x105;dzenia.</subfield>
  </datafield>
  <datafield tag="773" ind1=" " ind2=" ">
    <subfield code="i">W :</subfield>
    <subfield code="t">Archiwum Termodynamiki = Archives of Termodynamics. -</subfield>
    <subfield code="g">Vol. 10, 1989, nr 3-4, s. 221-240</subfield>
  </datafield>
  <datafield tag="942" ind1=" " ind2=" ">
    <subfield code="c">ART</subfield>
    <subfield code="2">UKD</subfield>
  </datafield>
  <datafield tag="999" ind1=" " ind2=" ">
    <subfield code="c">3451</subfield>
    <subfield code="d">3451</subfield>
  </datafield>
  <datafield tag="952" ind1=" " ind2=" ">
    <subfield code="0">0</subfield>
    <subfield code="1">0</subfield>
    <subfield code="4">0</subfield>
    <subfield code="7">0</subfield>
    <subfield code="a">BPK</subfield>
    <subfield code="b">BPK</subfield>
    <subfield code="o">0992</subfield>
    <subfield code="y">ART</subfield>
  </datafield>
</record>
